书目信息 |
| 题名: |
新概念英语同步词汇速记
|
|
| 作者: | 肖凡 , 总主编王波 总主编 ;王波 主编 | |
| 分册: | ||
| 出版信息: | 北京 外语教学与研究出版社 2009.07 |
|
| 页数: | 212页 | |
| 开本: | 26cm | |
| 丛书名: | 《新概念英语》同步辅导系列丛书 | |
| 单 册: | ||
| 中图分类: | H313.1 | |
| 科图分类: | ||
| 主题词: | 英语--ying yu--词汇--自学参考资料 | |
| 电子资源: | ||
| ISBN: | 978-7-5600-6851-0 | |
| 000 | 01255nam0 22003011 450 | |
| 001 | 01MzSoft20110708110809 | |
| 005 | 20110712135635.09 | |
| 010 | @a978-7-5600-6851-0@dCNY20.50 | |
| 100 | @a20071206d2009 em y0chiy50 ea | |
| 101 | 0 | @achi@aeng |
| 102 | @aCN@b110000 | |
| 105 | @ay zq 000yy | |
| 106 | @ar | |
| 200 | 1 | @a新概念英语同步词汇速记@Axin gai nian ying yu tong bu ci hui su ji@d= New concept English synchronized new words photographic memory@e第1、2册(合订)@e新版@f总主编王波@Fzong zhu bian wang bo@f主编肖凡@zeng |
| 210 | @a北京@c外语教学与研究出版社@d2009.07 | |
| 215 | @a212页@d26cm | |
| 225 | 2 | @a《新概念英语》同步辅导系列丛书@A《 xin gai nian ying yu》 tong bu fu dao xi lie cong shu |
| 330 | @a本书详细讲解了《新概念英语》课文词汇,涵盖了语境、构成及具体用法,并进行必要的同、近义词分析。此外,还介绍了词汇记忆的各种方法。 | |
| 410 | 0 | @12001@a《新概念英语》同步辅导系列丛书 |
| 510 | 1 | @aNew concept English synchronized new words photographic memory@zeng |
| 586 | @a | |
| 606 | 0 | @a英语@Aying yu@x词汇@j自学参考资料 |
| 690 | @aH313.1@v5 | |
| 701 | 0 | @a肖凡@Axiao fan@4总主编 |
| 701 | 0 | @a总主编王波@Azong zhu bian wang bo |
| 702 | 0 | @a王波@Awang bo@4主编 |
| 801 | 0 | @aCN@c20110610 |
| 905 | @dH313.1@eW116@f3 | |
| 新概念英语同步词汇速记= New concept English synchronized new words photographic memory:第1、2册(合订):新版/总主编王波/主编肖凡.-北京:外语教学与研究出版社,2009.07 |
| 212页;26cm.-(《新概念英语》同步辅导系列丛书) |
| ISBN 978-7-5600-6851-0:CNY20.50 |
| 本书详细讲解了《新概念英语》课文词汇,涵盖了语境、构成及具体用法,并进行必要的同、近义词分析。此外,还介绍了词汇记忆的各种方法。 |
| ● |
| 相关链接 |
|
|
|
正题名:新概念英语同步词汇速记
索取号:H313.1/W116
 
预约/预借
| 序号 | 登录号 | 条形码 | 馆藏地/架位号 | 状态 | 备注 |
| 1 | 882756 | 208827563 | 语言库209/209语言库 33排1列3层/ [索取号:H313.1/W116] | 在馆 | |
| 2 | 882757 | 208827572 | 语言库209/ [索取号:H313.1/W116] | 在馆 | |
| 3 | 882758 | 208827581 | 语言库209/209语言库 33排1列3层/ [索取号:H313.1/W116] | 在馆 |